000 00773nam a2200217Ia 4500
003 GCL
005 20240530095315.0
008 140319s9999 xx 000 0 ara d
040 _aGCL /
_cGCL
082 0 4 _a745.442
_bق/ع ت
100 1 _aعزيزة سعيد محمود
245 1 0 _aالتصوير والزخارف الجصية البارزة والموزايكو فى الفن الرومانى /
_cعزيزة سعيد محمود
260 _aالقاهرة :
_bدار نهضة الشرق
300 _a240 ص:
_bملحق للصور ؛
_c24 سم
650 0 4 _aالزخرفة
650 0 4 _aالفن الزخرفى
650 0 4 _aالفسيفساء
650 0 4 _aالزخرفة المعمارية
650 0 4 _aالزخرفة البيزنطية
942 _2ddc
_cBK
999 _c6004
_d6004